| 000 | 012330000a22002770004500 | ||
|---|---|---|---|
| 003 | EG-GiCUC | ||
| 005 | 20250223025843.0 | ||
| 008 | 090521s1997 ua do f m 000 0 eng d | ||
| 040 |
_aEG-GiCUC _beng _cEG-GiCUC |
||
| 041 | 0 | _aEng | |
| 049 | _aDeposite | ||
| 097 | _aM.Sc | ||
| 099 | _aCai01.11.18.M.Sc.1997.Mo.S | ||
| 100 | 0 | _aMohamed Ibraheem Eldosoky Mohamed | |
| 245 | 1 | 0 |
_aStudy of the effects of chronic tobacco smoke inhalation on finger skin blood flow by laser doppler flowmetry / _cMohamed Ibraheem Eldosoky Mohamed ; Supervised Omayma Mustafa Elhennawi , Asem Seif Eldein |
| 246 | 1 | 5 | _aدراسة تأثير التدخيم المزمن على سريان الدم فى جلد الأصابع باستخدام نظام الدوبلر بأشعة الليزر |
| 260 |
_aCairo : _bMohamed Ibraheem Eldosoky Mohamed , _c1997 |
||
| 300 |
_a227 P. : _bcharts , photographs ; _c25cm |
||
| 502 | _aThesis(M.Sc.) - Cairo University - Faculty of Medicine - Department of Internal Medicine | ||
| 700 | 0 |
_aAsem Seif Eldein , _eSupervisor |
|
| 700 | 0 |
_aOmayma Mustafa Elhennawi , _eSupervisor |
|
| 856 | _uhttp://172.23.153.220/th.pdf | ||
| 905 |
_aGihan _eCataloger |
||
| 905 |
_aMustafa _eRevisor |
||
| 942 |
_2ddc _cTH |
||
| 999 |
_c22100 _d22100 |
||